| 000 | 00860nam a22002055i 4500 | ||
|---|---|---|---|
| 001 | 167589 | ||
| 003 | ES-MaACL | ||
| 005 | 20250821085501.0 | ||
| 008 | 050926s1844 sp | |||||||| ||spa d | ||
| 100 | 1 |
_aVillanueva y Cañedo, Luis, _d1824-1902 _9175874 |
|
| 245 | 1 | 0 |
_aMemorias leídas en la Academia Matritense de Jurisprudencia y Legislación / _cpor D. Luis Villanueva. |
| 260 |
_aMadrid : _b[s.n.], _c1844 ( _fImp. de Fernando Suárez) |
||
| 300 |
_a61 p. ; _c14 cm. |
||
| 505 | 8 | _aContiene: Sobre los retos, duelos y desafíos (p.3-28) ; Sobre el suicidio (p. 29-61) | |
| 650 | 4 |
_aDuelos. _911988 |
|
| 650 | 7 |
_aSuicidio _2embne _917259 |
|
| 710 | 2 |
_aAcademia Matritense de Jurisprudencia y Legislación. _91204 |
|
| 852 | 4 |
_aES-MaACL _jT-38-F-6 _z- Enc. hol., falto de cub. original _z- Enc. en un vol. facticio |
|
| 999 |
_c167589 _d167589 |
||